Synthesis of passive networks: theory and methods appropriate to the realization and approximation problems
Salvato in:
| Autore principale: | |
|---|---|
| Natura: | Libro |
| Lingua: | inglese |
| Pubblicazione: |
Nueva York
John Wiley
1957
|
| Soggetti: | |
| Tags: |
Aggiungi Tag
Nessun Tag, puoi essere il primo ad aggiungerne!!
|
MARC
| LEADER | 00000nam a2200000 a 4500 | ||
|---|---|---|---|
| 001 | UCU5364 | ||
| 003 | CL-VaPUC | ||
| 008 | 960531e19570000US |||||||||||||||||eng|d | ||
| 082 | 0 | 4 | |a 621.319 |b GUI |2 21 |
| 100 | |a Guillemin, Ernst A |e author |9 363341 | ||
| 245 | 1 | 0 | |a Synthesis of passive networks: theory and methods appropriate to the realization and approximation problems |
| 300 | |a 741 p | ||
| 942 | |c BK | ||
| 945 | |d 19960531 00:00:00 |a paguirre | ||
| 260 | |a Nueva York |b John Wiley |c 1957 | ||
| 650 | 0 | |a Circuitos eléctricos |9 260262 | |
| 650 | 0 | |a Funciones |9 263869 | |
| 650 | 0 | |a Circuitos |9 263339 | |
| 650 | 0 | |a Electricidad |9 260222 | |
| 650 | 0 | |a Electrónica |9 263192 | |
| 583 | |a last modification |c 19960531 00:00:00 |k Rodrigo Vera | ||
| 999 | |c 248755 |d 248753 | ||
| 952 | |0 0 |1 0 |4 0 |6 621_319000000000000_GUI_1957 |7 0 |8 A |9 265587 |a BIBING |b BIBING |d 2019-11-19 |i 1673246 |o 621.319 GUI 1957 |p 1673246 |r 2025-01-20 |w 2019-11-19 |y BK |k EIE | ||